| 000 | 00732nam a2200193 i 4500 | ||
|---|---|---|---|
| 001 | 61203 | ||
| 003 | ES-MaACL | ||
| 005 | 20230906164410.0 | ||
| 007 | t| | ||
| 008 | 031111s1983 sp ||||1| spa d | ||
| 110 | 1 |
_aMadrid (Comunidad Autónoma) _95587 |
|
| 240 | 1 | 0 | _aEstatuto de Autonomía, 1983 |
| 245 | 1 | 0 |
_aEstatuto de Autonomía de la Comunidad de Madrid _b: [Ley Orgánica 3/1983 3/1983, de 25 de febrero]. |
| 260 |
_a[Madrid : _bPresidencia del Gobierno, Servicio Central de Organización y Métodos, _c1983] |
||
| 300 |
_a25 p. ; _c21 cm. |
||
| 710 | 1 |
_aEspaña. _tEstatuto de autonomía de la Comunidad de Madrid, 1983. _9172530 |
|
| 710 | 1 |
_aEspaña. _bPresidencia del Gobierno. _93951 |
|
| 852 |
_aES-MaACL _j2127-F-30 |
||
| 999 |
_c61203 _d61203 |
||